Elements that start with S - Statistics

General Stats
  • This quiz has been taken 78 times
  • The average score is 5 of 9
Answer Stats
Answer % Correct
Strontium
77%
Silicon
75%
Selenium
73%
Sodium
64%
Scandium
61%
Silver
52%
Samarium
45%
Seaborgium
45%
Sulfer
27%
No matching quizzes found
Score Distribution
Percent of People with Each Score
Percentile by Number Answered
Your Score History
You have not taken this quiz